Testing Digital Circuits an Introduction / (Record no. 193549)
[ view plain ]
| 000 -LEADER | |
|---|---|
| fixed length control field | 00731 a2200169 4500 |
| 003 - CONTROL NUMBER IDENTIFIER | |
| control field | Nust |
| 005 - DATE AND TIME OF LATEST TRANSACTION | |
| control field | 20221207190109.0 |
| 040 ## - CATALOGING SOURCE | |
| Transcribing agency | Nust |
| 082 ## - DEWEY DECIMAL CLASSIFICATION NUMBER | |
| Classification number | 621.38153,WIL |
| 100 ## - MAIN ENTRY--PERSONAL NAME | |
| Personal name | B.R Wilkins |
| 9 (RLIN) | 104396 |
| 245 ## - TITLE STATEMENT | |
| Title | Testing Digital Circuits an Introduction / |
| Statement of responsibility, etc. | B.R Wilkins |
| 260 ## - PUBLICATION, DISTRIBUTION, ETC. | |
| Place of publication, distribution, etc. | UK |
| Name of publisher, distributor, etc. | Van Nostrand Reinhold |
| Date of publication, distribution, etc. | 1986 |
| 300 ## - PHYSICAL DESCRIPTION | |
| Extent | 196p |
| 505 ## - FORMATTED CONTENTS NOTE | |
| Formatted contents note | Testing In Context (Page-1), Test-Pattern Generators (Page-21), Aids To Test Pattern Generators (Page-43), Faults Diagrams (Page-55), Testing Sequential Logic(Page-76), Testing MSI and LSI Devices (Page-97), Enhancing Testability (Page-122), Designing Of Testability (Page-139), Self-Testing Circuits (Page-158). |
| 650 ## - SUBJECT ADDED ENTRY--TOPICAL TERM | |
| Topical term or geographic name entry element | Telecommunication Engineering |
| 942 ## - ADDED ENTRY ELEMENTS (KOHA) | |
| Source of classification or shelving scheme | |
| Koha item type | Book |
| Withdrawn status | Lost status | Source of classification or shelving scheme | Damaged status | Not for loan | Permanent Location | Current Location | Shelving location | Date acquired | Full call number | Barcode | Date last seen | Price effective from | Koha item type | Public note |
|---|---|---|---|---|---|---|---|---|---|---|---|---|---|---|
| Military College of Signals (MCS) | Military College of Signals (MCS) | General Stacks | 12/12/2016 | 621.38153,WIL | MCS5125 | 12/08/2016 | 12/12/2016 | Book | Almirah No.34, Shelf No.3 | |||||
| Military College of Signals (MCS) | Military College of Signals (MCS) | General Stacks | 12/12/2016 | 621.38153,WIL | MCS5126 | 12/08/2016 | 12/12/2016 | Book | Almirah No.34, Shelf No.3 | |||||
| Military College of Signals (MCS) | Military College of Signals (MCS) | General Stacks | 12/12/2016 | 621.38153,WIL | MCS5127 | 12/08/2016 | 12/12/2016 | Book | Almirah No.34, Shelf No.3 |
